000 01876nam a22003137a 4500
005 20110906164426.0
010 _aENG-103639 B-459047-051
020 _a9788120344198
_c275.00
035 _aEN-87172 B-459047-051
037 _bDBAD / PUB
037 _bRBC/Ven
082 _a342.54
100 _aSharma, Brij Kishore
_945855
245 _aIntroduction to the constitution of India /
_cby Brij Kishore Sharma
250 _a6th ed
260 _aNew Delhi
_bPrentice Hall of India
_c2011
270 _aM-97, Connaught Circus
_bNew Delhi
_e110 001
300 _axxxvi, 419 p.
_c24cm(pbk)
500 _aincludes index
650 _aConstitutional law
_zIndia
_945856
942 _adpl
_cEN
_2ddc
_h342.54
_mSHA
999 _c56456
_d56456